| 000 | 01418cam a2200313 i 4500 | ||
|---|---|---|---|
| 999 |
_c46665 _d46665 |
||
| 001 | 20314 | ||
| 003 | CO-MdFUSB | ||
| 005 | 20190211110709.0 | ||
| 008 | 161005t20031993mnu||||g |||| 001 0deng d | ||
| 020 | _a9780800635954 | ||
| 040 |
_aCO-MdFUSB _bspa _cCO-MdFUSB _dCO-MdFUSB _erda |
||
| 041 | _aeng | ||
| 082 |
_224 _aG 220.07 _bD187m |
||
| 100 | 1 |
_aDanker, Frederick W. _eautor |
|
| 245 | 0 | 0 |
_aMultipurpose tools for Bible Study _c / Frederick W. Danker |
| 250 | _a2nd edición, rev y ampliada | ||
| 264 | 1 |
_aMinneapolis, _bMinnesota, _c℗1993 |
|
| 264 | 4 | _c©2003 | |
| 300 |
_axiii, 330 páginas : _c; 23 cm |
||
| 336 |
_2rdacontent _atexto _btxt |
||
| 337 |
_2rdamedia _asin mediación _bn |
||
| 338 |
_2rdacarrier _avolumen _bnc |
||
| 501 | _a Incluye índice (páginas 308-330) | ||
| 505 | 0 | 0 | _aConcordancias -- El Nuevo Testamento griego -- El Antiguo Testamento hebreo -- El Antiguo Testamento griego -- El uso de la Septuaginta -- Gramáticas y lexicones del Antiguo Testamento -- Las gramáticas y los lexicones del Nuevo Testamento griego -- El uso de las gramáticas y los lexicones -- Diccionarios de la Biblia -- Versiones de la Biblia -- El uso de las versiones de la Biblia en inglés -- Judica -- Contextualidad -- Los Rollos del Mar Muerto -- Comentarios y sus usos |
| 540 | _aRústico | ||
| 630 | 0 | 7 |
_aBiblia _xCrítica, interpretación, etc. |
| 653 | _aEstudio de la biblia | ||
| 942 | _cBK | ||